| 000 | 00995nam0a22002291 4500 | ||
|---|---|---|---|
| 001 | rc\2850095 | ||
| 005 | 20260407145537.0 | ||
| 035 | _a(NLR Aleph) 007005274 | ||
| 090 |
_a5760224 _c5760224 |
||
| 100 | _a20110705d1927 |||y0rusy50 ca | ||
| 101 | 0 | _arus | |
| 102 | _aRU | ||
| 105 | _ay z ||||| | ||
| 200 | 1 | _aДоговор Екатерининской железной дороги с Днепростроем от 10/XI 1927 года Об открытии разъездов "Днепрострой" и "Шлюзовой" и о примыкании и эксплоатации подъездных путей Днепростроя | |
| 210 |
_aДнепропетровск _cБ. и. _d1927 _gтипо-литогр. Екатерин. ж. д. |
||
| 215 |
_a24 с. _d26 см |
||
| 710 | 0 | 2 |
_aПриднепровская железная дорога _3RU\NLR\AUTH\8810022385 _9542777 |
| 801 | 0 |
_aRU _bNLR _gpsbo |
|
| 801 | 1 |
_aRU _bELAR _2rusmarc |
|
| 852 |
_aNLR _j96/63 |
||
| 942 | _cBOOK | ||
| 980 | _aNB | ||